|
|
|
|
| LEADER |
00000nab#a22000007a#4500 |
| 001 |
arbauad000115 |
| 003 |
AR-BaUAD |
| 005 |
20250711110346.0 |
| 008 |
930526|||||||||###||||||b###|0###a|spa|| |
| 040 |
|
|
|a AR-BaUAD
|c AR-BaUAD
|b spa
|
| 100 |
|
|
|a Blasi, Cesare
|
| 245 |
|
|
|a The history of design :
|b Le Corbusier and Design /
|c Cesare Blasi; Gabriella Padovano;
|
| 300 |
0 |
|
|b il., fot.
|
| 653 |
|
|
|a LE CORBUSIER
|
| 653 |
|
|
|a SILLONES
|
| 653 |
|
|
|a AUTOMOVILES
|
| 653 |
|
|
|a DISEÑO INDUSTRIAL
|
| 700 |
1 |
|
|a Padovano, Gabriella
|
| 773 |
0 |
|
|t OTTAGONO
|g no. 85 [jun. 1987], p. 74-83
|
| 942 |
|
|
|c ARTI
|
| 952 |
|
|
|0 0
|1 0
|4 0
|7 0
|9 45036
|a AR-BAuAD
|b AR-BAuAD
|d 2025-07-11
|l 0
|p AAQA000115
|r 2025-07-11 11:03:46
|w 2025-07-11
|y ARTI
|
| 990 |
|
|
|a DI198
|b TD
|
| 998 |
|
|
|a AAQ
|b BIBUN76
|
| 999 |
|
|
|c 24709
|d 24709
|